书目信息 |
| 题名: |
证券投资学
|
|
| 作者: | 赵庆国 , 朱玉林 主编 | |
| 分册: | ||
| 出版信息: | 南京 东南大学出版社 2005.08 |
|
| 页数: | 415页 | |
| 开本: | 21cm | |
| 丛书名: | 21世纪高等学校金融学实践创新系列教材 | |
| 单 册: | ||
| 中图分类: | F830.91 | |
| 科图分类: | ||
| 主题词: | 证券投资--zheng quan tou zi--高等学校--教材 | |
| 电子资源: | ||
| ISBN: | 978-7-5641-0112-1 | |
| 000 | 01072nam 2200277 450 | |
| 001 | 012008961652 | |
| 005 | 20080509112355.05 | |
| 010 | @a978-7-5641-0112-1@dCNY21.50 | |
| 100 | @a20080509d2005 em y0chiy0120 ea | |
| 101 | 0 | @achi |
| 102 | @aCN@b320000 | |
| 105 | @aa a 000yy | |
| 106 | @ar | |
| 200 | 1 | @a证券投资学@Azheng quan tou zi xue@f赵庆国, 朱玉林主编@Fzhao qing guo,zhu yu lin zhu bian |
| 210 | @a南京@c东南大学出版社@d2005.08 | |
| 215 | @a415页@c图@d21cm | |
| 225 | 2 | @a21世纪高等学校金融学实践创新系列教材@A21 shi ji gao deng xue xiao jin rong xue shi jian chuang xin xi lie jiao cai |
| 320 | @a有书目 (第413-415页) | |
| 330 | @a本书是有关证券市场和证券投资的基本知识和基础理论;国外经济学界较新的理论成果,包括证券组合理论等,做到理论和实践相结合。 | |
| 410 | 0 | @12001 @a21世纪高等学校金融学实践创新系列教材 |
| 606 | 0 | @a证券投资@Azheng quan tou zi@x高等学校@j教材 |
| 690 | @aF830.91@v4 | |
| 701 | 0 | @a赵庆国@Azhao qing guo@4主编 |
| 701 | 0 | @a朱玉林@Azhu yu lin@4主编 |
| 801 | 0 | @aCN@bQSSK@c20080509 |
| 905 | @b708691-93@dF830.91@eZ311@f3 | |
| 证券投资学/赵庆国, 朱玉林主编.-南京:东南大学出版社,2005.08 |
| 415页:图;21cm.-(21世纪高等学校金融学实践创新系列教材) |
| ISBN 978-7-5641-0112-1:CNY21.50 |
| 本书是有关证券市场和证券投资的基本知识和基础理论;国外经济学界较新的理论成果,包括证券组合理论等,做到理论和实践相结合。 |
| ● |
| 相关链接 |
|
|
|
正题名:证券投资学
索取号:F830.91/Z311
 
预约/预借
| 序号 | 登录号 | 条形码 | 馆藏地/架位号 | 状态 | 备注 |
| 1 | 708691 | 207086918 | 社科库409/409社科库 53排5列5层/ [索取号:F830.91/Z311] | 在馆 | |
| 2 | 708692 | 207086927 | 社科二线422/422社科库 33排2列4层/ [索取号:F830.91/Z311] | 在馆 | |
| 3 | 708693 | 207086936 | 社科二线422/422社科库 33排2列4层/ [索取号:F830.91/Z311] | 在馆 |